| 000 | 00374pam a2200157a 44500 | ||
|---|---|---|---|
| 008 | 230515b1987 xxu||||| |||| 00| 0 eng d | ||
| 020 | _aNULL | ||
| 041 | _aENGL | ||
| 082 | _a621.3693/ MIN. | ||
| 100 | _aMILNES A. G. | ||
| 245 | _aSEMICONDUCTOR DEVICES AND INTEGRATED ELECTRONICS | ||
| 250 | _a1 | ||
| 260 |
_aNULL _bC.B.S _c1987 |
||
| 300 | _a999 HB | ||
| 650 | _aNULL | ||
| 999 |
_c618002 _d618002 |
||